| 000 | 00424nam a22001697a 4500 | ||
|---|---|---|---|
| 999 |
_c7676 _d7676 |
||
| 003 | GBCCL | ||
| 005 | 20241126110633.0 | ||
| 008 | 180910b ||||| |||| 00| 0 eng d | ||
| 040 | _cgbc | ||
| 082 |
_a808 _bDUB |
||
| 100 |
_aDubey, Abhay Kumar _911740 |
||
| 245 | _aWorld - Famous Unsolved Mysteries | ||
| 260 |
_aNew Delhi : _bFamily books, _c1989. |
||
| 300 | _a136p. ; | ||
| 650 |
_aMysteries _913526 |
||
| 942 |
_2ddc _cBK |
||